000 00666cam a22002053a 4500
001 33509
003 PGUSA
005 20140828083726.0
008 100823s2010||||xxu|||||s|||||000 | eng d
040 _aPGUSA
_beng
042 _adc
100 1 _aAlvarez, Ticul,
_d1935-2001
245 1 0 _aTaxonomic Status of Some Mice of The Peromyscus boylii Group in Eastern Mexico, With Description of a New Subspecies
_h[electronic resource] /
_cTicul Alvarez
260 _bProject Gutenberg,
_c2010
506 _aPublic domain in the USA.
516 _aElectronic text
830 0 _aProject Gutenberg
_v33509
856 4 0 _uhttp://www.gutenberg.org/ebooks/33509
942 _cEB
999 _c262764
_d262764